Hàn Mặc Tử thi sĩ đồng trinh

में बचाया:
ग्रंथसूची विवरण
मुख्य लेखक: Nguyễn Thụy Kha
स्वरूप: पुस्तक
भाषा:Undetermined
प्रकाशित: Đà Nẵng Nxb. Đà Nẵng 1993
विषय:
टैग : टैग जोड़ें
कोई टैग नहीं, इस रिकॉर्ड को टैग करने वाले पहले व्यक्ति बनें!
Thư viện lưu trữ: Trung tâm Học liệu Trường Đại học Cần Thơ
LEADER 00565nam a2200181Ia 4500
001 CTU_8792
008 210402s9999 xx 000 0 und d
082 |a 801.951 
082 |b Kh100h 
100 |a Nguyễn Thụy Kha 
245 0 |a Hàn Mặc Tử thi sĩ đồng trinh 
245 0 |c Nguyễn Thụy Kha 
260 |a Đà Nẵng 
260 |b Nxb. Đà Nẵng 
260 |c 1993 
650 |a vietnamese poetry - history and criticism 
904 |i Nguyễn Quang Điền, 960920 
980 |a Trung tâm Học liệu Trường Đại học Cần Thơ